[Event "KAZ-ch"]
[Site "Astana"]
[Date "2023.12.19"]
[Round "8"]
[White "Tkachyov, Adil"]
[Black "Kazhgaleyev, Murtas"]
[Result "0-1"]
[WhiteElo "2078"]
[BlackElo "2490"]
[PlyCount "76"]
[EventDate "2023.12.13"]
[EventType "tourn"]
[EventRounds "13"]
[EventCountry "KAZ"]
[EventCategory "6"]
[SourceTitle "CB52_2023"]
[SourceDate "2023.12.27"]
[SourceVersion "1"]
[SourceVersionDate "2023.12.27"]
[SourceQuality "1"]

1. d4 Nf6 2. c4 e6 3. Nc3 Bb4 4. e3 0-0 5. Nge2 c6 6. Ng3 d5 7. cxd5 exd5 8. Be2 Re8 9. 0-0 Nbd7 10. a3 Bd6 11. Qc2 Nf8 12. b4 g6 13. f4 Ne6 14. Bd3 Ng7 15. e4 dxe4 16. Ncxe4 Nf5 17. Nxf6+ Qxf6 18. Ne4 Rxe4 19. Bxe4 Qxd4+ 20. Qf2 Qxe4 21. Re1 Qd4 22. Re8+ Bf8 23. Bb2 Qxf2+ 24. Kxf2 f6 25. Rae1 Kf7 26. Bxf6 a5 27. g4 axb4 28. gxf5 Bc5+ 29. Kg3 Kxf6 30. a4 b3 31. fxg6 hxg6 32. R1e2 Ba3 33. a5 b2 34. Re1 Bb4 35. Rg1 Rxa5 36. Rb1 Ra3+ 37. Kf2 Bc5+ 38. Ke1 Ra1 0-1

[Event "KAZ-ch"]
[Site "Astana"]
[Date "2023.12.17"]
[Round "6"]
[White "Tkachyov, Adil"]
[Black "Zhalmakhanov, Ramazan"]
[Result "0-1"]
[WhiteElo "2078"]
[BlackElo "2493"]
[PlyCount "56"]
[EventDate "2023.12.13"]
[EventType "tourn"]
[EventRounds "13"]
[EventCountry "KAZ"]
[EventCategory "6"]
[SourceTitle "CB52_2023"]
[SourceDate "2023.12.27"]
[SourceVersion "1"]
[SourceVersionDate "2023.12.27"]
[SourceQuality "1"]

1. d4 Nf6 2. c4 e6 3. Nc3 Bb4 4. e3 0-0 5. Nge2 Re8 6. a3 Bf8 7. Ng3 d5 8. Be2 b6 9. 0-0 Ba6 10. cxd5 Bxe2 11. Qxe2 exd5 12. b4 a6 13. f3 Nc6 14. Qf2 Qd7 15. Rd1 g6 16. e4 dxe4 17. d5 Ne5 18. Ncxe4 Bg7 19. Nxf6+ Bxf6 20. Ne4 Nxf3+ 21. Qxf3 Bxa1 22. Bf4 Bg7 23. Rc1 Rac8 24. Rf1 Qe7 25. Ng3 Rcd8 26. Qd3 Be5 27. Bh6 Qh4 28. Qd2 Qd4+ 0-1

[Event "Astana Zhuldyzdary op-A"]
[Site "Astana"]
[Date "2023.07.16"]
[Round "8"]
[White "Abdilkhair, Abilmansur"]
[Black "Tkachyov, Adil"]
[Result "1-0"]
[WhiteElo "2248"]
[BlackElo "1979"]
[PlyCount "59"]
[EventDate "2023.07.11"]
[EventType "swiss"]
[EventRounds "10"]
[EventCountry "KAZ"]
[SourceTitle "CBM 215 Extra"]
[Source "ChessBase"]
[SourceDate "2023.09.30"]
[SourceVersion "1"]
[SourceVersionDate "2023.09.30"]
[SourceQuality "1"]

1. e4 c5 2. Nf3 g6 3. h4 Nc6 4. h5 Bg7 5. Bb5 Nd4 6. Nxd4 cxd4 7. a4 a6 8. Bc4 Qa5 9. Kf1 g5 10. Qf3 e6 11. h6 Nxh6 12. d3 Ng8 13. Bd2 Qe5 14. a5 h6 15. Bb3 Ne7 16. Na3 Nc6 17. Nc4 Qc5 18. Qg3 0-0 19. f4 f5 20. e5 g4 21. Nd6 b5 22. Rh5 Nd8 23. Nxf5 Nf7 24. Nxg7 Kxg7 25. Qxg4+ Kh7 26. f5 Rg8 27. Qh4 Qxe5 28. Bxh6 Nxh6 29. Rxh6+ Kg7 30. Rh7+ 1-0

[Event "Astana Zhuldyzdary op-A"]
[Site "Astana"]
[Date "2023.07.12"]
[Round "2"]
[White "Bizhigitov, Zhangir"]
[Black "Tkachyov, Adil"]
[Result "1-0"]
[WhiteElo "2255"]
[BlackElo "1979"]
[PlyCount "69"]
[EventDate "2023.07.11"]
[EventType "swiss"]
[EventRounds "10"]
[EventCountry "KAZ"]
[SourceTitle "CBM 215 Extra"]
[Source "ChessBase"]
[SourceDate "2023.09.30"]
[SourceVersion "1"]
[SourceVersionDate "2023.09.30"]
[SourceQuality "1"]

1. e4 c5 2. Nf3 Nc6 3. d4 cxd4 4. Nxd4 g6 5. c4 Bg7 6. Be3 Nf6 7. Nc3 d6 8. Be2 0-0 9. 0-0 Bd7 10. h3 Nxd4 11. Bxd4 Bc6 12. Qc2 a5 13. Rad1 a4 14. c5 Qa5 15. cxd6 exd6 16. a3 Rfe8 17. Bf3 Re6 18. Rfe1 Rae8 19. Re2 h5 20. Rde1 b5 21. Qd3 Qa8 22. g3 Nd7 23. Bxg7 Kxg7 24. Qd4+ Kg8 25. Bg2 Qb7 26. Re3 Nc5 27. h4 Nb3 28. Qd1 b4 29. axb4 Qxb4 30. Ne2 Bxe4 31. Nf4 Re5 32. Bxe4 Rxe4 33. Nd5 Qxe1+ 34. Qxe1 Rxe3 35. fxe3 1-0

[Event "KAZ-ch"]
[Site "Nur Sultan"]
[Date "2021.12.10"]
[Round "11"]
[White "Tkachyov, Adil"]
[Black "Urazayev, Arystanbek"]
[Result "0-1"]
[WhiteElo "2019"]
[BlackElo "2437"]
[PlyCount "112"]
[EventDate "2021.12.02"]
[EventType "tourn"]
[EventRounds "11"]
[EventCountry "KAZ"]
[EventCategory "7"]
[SourceTitle "CBM 205 Extra"]
[Source "ChessBase"]
[SourceDate "2022.01.31"]
[SourceVersion "1"]
[SourceVersionDate "2022.01.31"]
[SourceQuality "1"]

1. d4 d5 2. Nf3 Nf6 3. g3 e6 4. Bg2 Be7 5. 0-0 0-0 6. b3 b6 7. Bb2 Bb7 8. Nbd2 c5 9. e3 Nbd7 10. Ne5 cxd4 11. exd4 Qc7 12. Rc1 b5 13. Qf3 Qa5 14. Qd3 Rfd8 15. Rfe1 Rac8 16. Bf1 a6 17. a3 Qb6 18. Nxd7 Nxd7 19. b4 Bg5 20. f4 Bf6 21. Qe3 Qc6 22. Nf3 Nb6 23. Ne5 Qc7 24. c3 Nc4 25. Qf2 a5 26. Qc2 Ra8 27. Ra1 Rdc8 28. Rec1 g6 29. h4 Nd6 30. Bd3 Kh8 31. h5 gxh5 32. Qe2 Ne4 33. Qxh5 Bxe5 34. Bxe4 dxe4 35. Qxe5+ Qxe5 36. dxe5 Rg8 37. Kf2 Rad8 38. Rd1 e3+ 39. Ke2 Rxd1 40. Rxd1 Rxg3 41. Rd8+ Kg7 42. Bc1 axb4 43. axb4 Rg2+ 44. Kxe3 h5 45. Rd2 Rg3+ 46. Kd4 h4 47. Rh2 h3 48. c4 bxc4 49. Kxc4 Kg6 50. Kd4 Kf5 51. Be3 Kg4 52. b5 Rxe3 53. Kxe3 Kg3 54. Rb2 h2 55. Rxh2 Kxh2 56. f5 Kg3 0-1

[Event "KAZ-ch"]
[Site "Nur Sultan"]
[Date "2021.12.08"]
[Round "9"]
[White "Tkachyov, Adil"]
[Black "Agmanov, Zhandos"]
[Result "0-1"]
[WhiteElo "2019"]
[BlackElo "2417"]
[PlyCount "64"]
[EventDate "2021.12.02"]
[EventType "tourn"]
[EventRounds "11"]
[EventCountry "KAZ"]
[EventCategory "7"]
[SourceTitle "CBM 205 Extra"]
[Source "ChessBase"]
[SourceDate "2022.01.31"]
[SourceVersion "1"]
[SourceVersionDate "2022.01.31"]
[SourceQuality "1"]

1. d4 Nf6 2. c4 e6 3. Nc3 Bb4 4. e3 0-0 5. Bd2 d5 6. a3 Be7 7. Nf3 b6 8. cxd5 exd5 9. Rc1 c5 10. dxc5 bxc5 11. Bd3 Bb7 12. 0-0 Re8 13. Na4 Nbd7 14. Bc3 Bf8 15. Bb5 Ne4 16. Qd3 Re6 17. Rfd1 a6 18. Bxd7 Qxd7 19. b3 Rae8 20. Bb2 Qb5 21. Qc2 Bc6 22. Nc3 Nxc3 23. Qxc3 Qb7 24. b4 d4 25. exd4 cxb4 26. axb4 Bxb4 27. Qd3 Be4 28. Qb3 Bd5 29. Qd3 Bd6 30. Ba1 Bf4 31. Rb1 Bxf3 32. gxf3 Qd5 0-1

[Event "KAZ-ch"]
[Site "Nur Sultan"]
[Date "2021.12.07"]
[Round "8"]
[White "Khusnutdinov, Rustam"]
[Black "Tkachyov, Adil"]
[Result "1/2-1/2"]
[WhiteElo "2484"]
[BlackElo "2019"]
[PlyCount "69"]
[EventDate "2021.12.02"]
[EventType "tourn"]
[EventRounds "11"]
[EventCountry "KAZ"]
[EventCategory "7"]
[SourceTitle "CBM 205 Extra"]
[Source "ChessBase"]
[SourceDate "2022.01.31"]
[SourceVersion "1"]
[SourceVersionDate "2022.01.31"]
[SourceQuality "1"]

1. d4 Nf6 2. Bf4 b6 3. c4 Bb7 4. Nf3 g6 5. e3 Bg7 6. Be2 0-0 7. h3 d6 8. Nc3 Nbd7 9. 0-0 Ne4 10. Nxe4 Bxe4 11. Bh2 c5 12. Rc1 Qc7 13. Qd2 Qb7 14. Rfd1 h6 15. Ne1 g5 16. Bf3 f5 17. Bxe4 fxe4 18. d5 Nf6 19. f3 Qd7 20. fxe4 Nxe4 21. Qc2 Nf2 22. Rd2 Nxh3+ 23. gxh3 Qxh3 24. Qd3 Rf7 25. Rg2 Raf8 26. Nc2 Rf3 27. Qe4 R8f7 28. Qg4 Rxe3 29. Qxh3 Rxh3 30. b3 Rhf3 31. Re1 Bc3 32. Rd1 Bg7 33. Re1 Bc3 34. Rd1 Bg7 35. Re1 1/2-1/2

[Event "KAZ-ch"]
[Site "Nur Sultan"]
[Date "2021.12.06"]
[Round "6"]
[White "Ansat, Aldiyar"]
[Black "Tkachyov, Adil"]
[Result "1-0"]
[WhiteElo "2366"]
[BlackElo "2019"]
[PlyCount "89"]
[EventDate "2021.12.02"]
[EventType "tourn"]
[EventRounds "11"]
[EventCountry "KAZ"]
[EventCategory "7"]
[SourceTitle "CBM 205 Extra"]
[Source "ChessBase"]
[SourceDate "2022.01.31"]
[SourceVersion "1"]
[SourceVersionDate "2022.01.31"]
[SourceQuality "1"]

1. e4 c5 2. Nf3 d6 3. d4 cxd4 4. Nxd4 Nf6 5. Nc3 Nc6 6. Bg5 e6 7. Qd2 a6 8. 0-0-0 Bd7 9. Nxc6 Bxc6 10. Bd3 b5 11. f3 Qb6 12. Kb1 Rc8 13. g4 Nd7 14. f4 Qb7 15. Rhe1 h6 16. Bh4 g5 17. fxg5 Ne5 18. Qf2 hxg5 19. Bxg5 Bg7 20. Ne2 Nxg4 21. Qg3 Ne5 22. Bc1 Bf6 23. Rf1 Qe7 24. Nd4 Bb7 25. Nf3 Bh4 26. Qg2 Bf6 27. Nxe5 Bxe5 28. Bf4 Qf6 29. Qg3 Bxf4 30. Rxf4 Qe5 31. Rdf1 Rc7 32. Qf2 Rh7 33. h4 Re7 34. Rg4 Qc5 35. Qg3 Kd7 36. Rg5 Qd4 37. c3 Qh8 38. e5 Rxh4 39. exd6 Rh3 40. Qf2 Kxd6 41. Qb6+ Bc6 42. Be4 Rd7 43. Qc5+ Kc7 44. Qxc6+ Kd8 45. Rg8+ 1-0

[Event "KAZ-ch"]
[Site "Nur Sultan"]
[Date "2021.12.04"]
[Round "4"]
[White "Kazhgaleyev, Murtas"]
[Black "Tkachyov, Adil"]
[Result "1-0"]
[WhiteElo "2568"]
[BlackElo "2019"]
[PlyCount "80"]
[EventDate "2021.12.02"]
[EventType "tourn"]
[EventRounds "11"]
[EventCountry "KAZ"]
[EventCategory "7"]
[SourceTitle "CBM 205 Extra"]
[Source "ChessBase"]
[SourceDate "2022.01.31"]
[SourceVersion "1"]
[SourceVersionDate "2022.01.31"]
[SourceQuality "1"]

1. d4 Nf6 2. g3 g6 3. Bg2 Bg7 4. e4 d6 5. Ne2 0-0 6. 0-0 c5 7. c3 Nbd7 8. h3 Rb8 9. a4 b6 10. Be3 Bb7 11. d5 a6 12. c4 Ne8 13. Nbc3 Nc7 14. Rb1 a5 15. f4 Na6 16. Qd2 Nb4 17. g4 Ba6 18. b3 Qc7 19. Rbd1 Rfd8 20. Kh1 Nf8 21. e5 dxe5 22. f5 Nc6 23. Ne4 Nd4 24. Nxd4 cxd4 25. Bh6 f6 26. Bxg7 Kxg7 27. g5 Rd6 28. Nxd6 Qxd6 29. Be4 Bc8 30. Qg2 fxg5 31. fxg6 Nxg6 32. Qxg5 Bxh3 33. Rf2 Rh8 34. Rh2 Bd7 35. Rf1 h6 36. Qg3 Be8 37. Rh5 Rg8 38. Rg1 Kh7 39. Qg5 Kg7 40. Qxh6+ Kf7 1-0